Fundamentos de administración financiera (Registro nro. 1158)

Detalles MARC
000 -LEADER
fixed length control field 01104 a2200229 4500
001 - CONTROL NUMBER
control field 24079
005 - DATE AND TIME OF LATEST TRANSACTION
control field 20260407155526.0
008 - FIXED-LENGTH DATA ELEMENTS--GENERAL INFORMATION
fixed length control field 260407a1994 arg spa d
003 - CONTROL NUMBER IDENTIFIER
control field AR-UNSa-BCEJYS
040 ## - CATALOGING SOURCE
Original cataloging agency AR-UNSa-BCEJYS
Language of cataloging spa
Transcribing agency AR-UNSa-BCEJYS
080 ## - UNIVERSAL DECIMAL CLASSIFICATION NUMBER
Universal Decimal Classification number 658.15
Common auxiliary subdivision Administración financiera privada. Gestión financiera de empresas<br/>
100 1# - MAIN ENTRY--PERSONAL NAME
Personal name Weston, J. Ferd
245 10 - TITLE STATEMENT
Title Fundamentos de administración financiera
250 ## - EDITION STATEMENT
Edition statement 10a. ed
264 #1 - PRODUCTION, PUBLICATION, DISTRIBUTION, MANUFACTURE, AND COPYRIGHT NOTICE
Place of production, publication, distribution, manufacture México :
Name of producer, publisher, distributor, manufacturer McGraw-Hill
Date of production, publication, distribution, manufacture, or copyright notice 1994
300 ## - PHYSICAL DESCRIPTION
Extent xxv, 1148 p.
Dimensions 25 cm.
505 ## - FORMATTED CONTENTS NOTE
Formatted contents note 1. Introducción a la administración finaciera - 2. Conceptos fundamentales de la administración financiera - 3. El pronostico fiananciero, la planeación y el control - 4. Administración del capital de trabajo - 5. Decisiones estratégicas de inversión a largo plazo: el presupuesto de capital - 6. Costo de de capital, apalancamiento y política de dividendos - 7. Decisiones estratégica de financiamiento a largo plazo
590 ## - LOCAL NOTE (RLIN)
Local note niveau_biblio:m niveau_hierar:0
700 1# - ADDED ENTRY--PERSONAL NAME
Personal name Brigham, Eugene F.
700 1# - ADDED ENTRY--PERSONAL NAME
Personal name Gómez Mont, Jaime
942 ## - ADDED ENTRY ELEMENTS (KOHA)
Koha item type
Existencias
Withdrawn status Lost status Damaged status Not for loan Home library Current library Shelving location Date acquired Total checkouts Full call number Barcode Date last seen Price effective from Koha item type
        Biblioteca Prof. Eusebio Cleto del Rey Biblioteca Prof. Eusebio Cleto del Rey   07/04/2026   658.15 W534 10ed. L69549 07/04/2026 07/04/2026 Libro